Premier League Winning H Players - Statistics

General Stats
  • This quiz has been taken 19 times
  • The average score is 6 of 8
Answer Stats
Picture Answer % Correct
Eden Hazard
95%
Thierry Henry
95%
Mark Hughes
89%
Javier Hernandez
84%
Joe Hart
74%
Robert Huth
74%
Owen Hargreaves
68%
Gabriel Heinze
58%
No matching quizzes found
Score Distribution
Percent of People with Each Score
Percentile by Number Answered
Your Score History
You have not taken this quiz